Score 0/24 Timer 05:00
6 Plays Today
% Correct
Auric Goldfinger, Goldfinger
93.9%
Scar, The Lion King
89.9%
Hannibal Lecter, The Silence of the Lambs
87.9%
Ed Rooney, Ferris Bueller's Day Off
82.3%
Bill Lumbergh, Office Space
71.4%
Gordon Gekko, Wall Street
71%
Syndrome, The Incredibles
70%
HAL 9000, 2001: A Space Odyssey
62.3%
The Queen of Hearts, Alice in Wonderland
62.1%
Mr. Freeze, Batman & Robin
61.1%
Darth Vader, Star Wars IV
57.4%
Zod, Superman II
56.3%
% Correct
Agent Smith, The Matrix
55.8%
Hans, Frozen
54.1%
Anton Chigurh, No Country for Old Men
45.2%
Lord Voldemort, Harry Potter
43.8%
Sheriff of Nottingham, Robin Hood
39%
Ivan Drago, Rocky IV
39%
Patrick Bateman, American Psycho
36.2%
Jack Torrance, The Shining
33.9%
Mr. Potter, It's a Wonderful Life
25.5%
Daniel Plainview, There Will Be Blood
22.9%
Bison, Street Fighter
18.5%
Jigsaw, Saw II
12.9%
Remove Ads.
Support Sporcle.
Get the best of Sporcle when you Go Orange. This ad-free experience offers more features, more stats, and more fun while also helping to support Sporcle. Thank you for becoming a member.

You're not logged in!

Compare scores with friends on all Sporcle quizzes.
OR
Log In

Show Comments

Extras

Top Quizzes Today


Score Distribution

Your Account Isn't Verified!

In order to create a playlist on Sporcle, you need to verify the email address you used during registration. Go to your Sporcle Settings to finish the process.

Report this User

Report this user for behavior that violates our Community Guidelines.

Details: